Picasso, II parte (Record no. 5432)

MARC details
000 - LÍDER
campo de control de longitud fija 00849nam a2200217Ia 4500
008 - ELEMENTOS DE DATOS DE LONGITUD FIJA - INFORMACIÓN GENERAL
campo de control de longitud fija 0000001965 ag a 0000000000spa00
090 ## - NÚMERO DE LLAMADA DE TIPO LC LOCALMENTE ASIGNADO (OCLC)
Número de clasificación (OCLC) (R) PSP00 M17p
100 1# - ENTRADA PRINCIPAL - NOMBRE PERSONAL
Nombre de la persona Martini, Alberto
245 10 - TÍTULO DECLARACIÓN
Título Picasso, II parte
Declaración de responsabilidad / monografía por Alberto Martini ; traducción por Jesús López Pacheco ; enfoque de actualidad por Julio E. Payró
260 ## - PUBLICACIÓN, DISTRIBUCIÓN
Lugar de publicación Buenos Aires : Codex
Fecha de publicación 1965
300 ## - DESCRIPCIÓN FÍSICA
Alcance [34] p.
Dimensiones / 36 cm.
500 ## - NOTA GENERAL
Nota general Con el patronazgo del maestro venezolano Jesús Rafael Soto (q.e.p.d.) \
600 00 - ENTRADA DE SUJETO AÑADIDO - NOMBRE PERSONAL
Nombre de la persona PICASSO, PABLO, 18811973/
Subdivisión general TRABAJOS PICTORICOS
650 14 - ENTRADA DE SUJETO AÑADIDO - TÉRMINO TÓPICO
Término tópico o elemento de entrada del nombre geográfico ARTE CONTEMPORANEO ESPAÑOL
650 14 - ENTRADA DE SUJETO AÑADIDO - TÉRMINO TÓPICO
Subdivisión general CATALOGOS
650 14 - ENTRADA DE SUJETO AÑADIDO - TÉRMINO TÓPICO
Subdivisión general EXPOSICIONES
650 14 - ENTRADA DE SUJETO AÑADIDO - TÉRMINO TÓPICO
Término tópico o elemento de entrada del nombre geográfico PINTORES ESPAÑOLES
650 14 - ENTRADA DE SUJETO AÑADIDO - TÉRMINO TÓPICO
Término tópico o elemento de entrada del nombre geográfico PINTURA ESPAÑOLA
700 1# - ENTRADA AGREGADA - NOMBRE PERSONAL
Nombre de la persona López Pacheco, Jesús, tr. \ Payró, Julio E.
Holdings
Estado de retirada Pérdida de estatus Estado dañado No para préstamo Código de recogida Ubicación permanente Ubicación actual Ubicación de las estanterías Fecha de adquisición Número de llamada completo Código de barras Fecha de la última vez que se vio Número de copia Precio efectivo desde Tipo de artículo Koha
        General ArtNexus ArtNexus General 06/09/2022 P-SP-00 M17P 5436 06/09/2022 Ej.1 06/09/2022 Libro

Powered by Koha